Can't buy: can rent (Record no. 107817)
[ view plain ]
| 000 -LEADER | |
|---|---|
| fixed length control field | 01230cad a22002175a 4500 |
| 001 - CONTROL NUMBER | |
| control field | L141980 |
| 008 - FIXED-LENGTH DATA ELEMENTS--GENERAL INFORMATION | |
| fixed length control field | 080117s2007 xxkab f s 000 0 eng d |
| 035 ## - SYSTEM CONTROL NUMBER | |
| System control number | (Sirsi) u141980 |
| 041 0# - LANGUAGE CODE | |
| Language code of text/sound track or separate title | eng |
| 050 04 - LIBRARY OF CONGRESS CALL NUMBER | |
| Classification number | 333.33 $2 18 |
| 110 2# - MAIN ENTRY--CORPORATE NAME | |
| Corporate name or jurisdiction name as entry element | Hometrack |
| 9 (RLIN) | 4704 |
| 245 00 - TITLE STATEMENT | |
| Title | Can't buy: can rent |
| Remainder of title | the affordability of private housing in Great Britain - summary report |
| Medium | [electronic resource] |
| 260 ## - PUBLICATION, DISTRIBUTION, ETC. | |
| Place of publication, distribution, etc. | London |
| Name of publisher, distributor, etc. | Hometrack |
| Date of publication, distribution, etc. | 2007 |
| 520 ## - SUMMARY, ETC. | |
| Summary, etc. | Provides regional analysis of private sector market affordability in 2006, covering home ownership and the private rents. Reveals that house prices have risen twice as fast as earnings since 1990, while private rents have simply kept pace with earnings. The highest regional house price to income ratios were London, the South West and the South East. These same regions also held the highest number who were able to pay above a social sector rent, but unable to buy at the lowest prices available. |
| 521 2# - TARGET AUDIENCE NOTE | |
| Target audience note | Advanced |
| 590 ## - LOCAL NOTE (RLIN) | |
| Local note | KA |
| 651 #4 - SUBJECT ADDED ENTRY--GEOGRAPHIC NAME | |
| Geographic name | Great Britain |
| Chronological subdivision | 1707- |
| 690 ## - LOCAL SUBJECT ADDED ENTRY--TOPICAL TERM (OCLC, RLIN) | |
| Topical term or geographic name as entry element | PROPERTY-RESIDENTIAL PROPERTY-RESIDENTIAL PROPERTY MARKET |
| 856 40 - ELECTRONIC LOCATION AND ACCESS | |
| Uniform Resource Identifier | <a href="https://www.hometrack.co.uk/commentary_publications.aspx">https://www.hometrack.co.uk/commentary_publications.aspx</a> |
| Public note | View the report free of charge at www.hometrack.co.uk |
| 942 ## - ADDED ENTRY ELEMENTS (KOHA) | |
| Suppress in OPAC | 0 |
| Withdrawn status | Lost status | Source of classification or shelving scheme | Damaged status | Not for loan | Home library | Current library | Shelving location | Date acquired | Total Checkouts | Full call number | Barcode | Date last seen | Copy number | Price effective from | Koha item type |
|---|---|---|---|---|---|---|---|---|---|---|---|---|---|---|---|
| Dewey Decimal Classification | Virtual | Virtual | Online | 17/01/2008 | ONLINE PUBLICATION | 141980-1001 | 06/08/2019 | 1 | 06/08/2019 | Book |